[Event "Titled Tuesday intern op 24th Aug"]
[Site "Chess.com INT"]
[Date "2021.08.24"]
[Round "3"]
[White "Kovalev, Denis"]
[Black "Hovhannisyan, Robert"]
[Result "1-0"]
[WhiteElo "2487"]
[BlackElo "2626"]
[PlyCount "89"]
[EventDate "2021.08.24"]
[EventType "swiss (blitz)"]
[EventRounds "11"]
[EventCountry "USA"]
[SourceTitle "EXT 2022"]
[Source "ChessBase"]
[SourceDate "2021.10.06"]
[SourceVersion "1"]
[SourceVersionDate "2021.10.06"]
[SourceQuality "1"]

1. Nf3 d5 2. d4 Bf5 3. c4 e6 4. Nc3 Nf6 5. cxd5 exd5 6. Qb3 Nc6 7. Bg5 Bb4 8. e3 0-0 9. Be2 a5 10. Bxf6 Qxf6 11. Qxd5 Ne7 12. Qe5 Qxe5 13. Nxe5 c5 14. dxc5 Rfc8 15. Nd3 Bxd3 16. Bxd3 Rxc5 17. Ke2 Bxc3 18. bxc3 Rxc3 19. Rhc1 Ra3 20. Rc7 Nd5 21. Rxb7 Nc3+ 22. Kf3 g6 23. Bc4 Rf8 24. Rc1 Kg7 25. Rb3 Rxb3 26. axb3 Na2 27. Ra1 Nb4 28. Rxa5 Nc6 29. Rc5 Nb4 30. Rc7 g5 31. g4 h6 32. Kg3 Kg6 33. f4 gxf4+ 34. exf4 h5 35. gxh5+ Kxh5 36. Rxf7 Rg8+ 37. Kf3 Rg1 38. Rb7 Nc6 39. Bd3 Nd4+ 40. Ke3 Nc6 41. Rh7+ Kg4 42. Rg7+ Kh3 43. Rxg1 Kxh2 44. Rg6 Ne7 45. f5 1-0

[Event "Titled Tuesday intern op 24th Aug"]
[Site "Chess.com INT"]
[Date "2021.08.24"]
[Round "11"]
[White "Kovalev, Denis"]
[Black "Maltsevskaya, Aleksandra"]
[Result "0-1"]
[WhiteElo "2487"]
[BlackElo "2409"]
[PlyCount "94"]
[EventDate "2021.08.24"]
[EventType "swiss (blitz)"]
[EventRounds "11"]
[EventCountry "USA"]
[SourceTitle "EXT 2022"]
[Source "ChessBase"]
[SourceDate "2021.10.06"]
[SourceVersion "1"]
[SourceVersionDate "2021.10.06"]
[SourceQuality "1"]

1. Nf3 Nf6 2. c4 g6 3. Nc3 Bg7 4. g3 d6 5. Bg2 0-0 6. 0-0 Nbd7 7. Rb1 e5 8. b4 a5 9. a3 Re8 10. e4 Nb6 11. d3 axb4 12. axb4 Bg4 13. h3 Bxf3 14. Bxf3 Nfd7 15. Be3 Nc8 16. Ra1 Ne7 17. Qb3 Nf8 18. Rxa8 Qxa8 19. Nd5 Ne6 20. Qb2 c6 21. Nxe7+ Rxe7 22. Ra1 Qf8 23. Qa3 Re8 24. Qa7 Qe7 25. Qb6 f5 26. exf5 gxf5 27. Ra7 f4 28. Rxb7 Qg5 29. Qxc6 Rf8 30. Bd2 Nd4 31. Qd5+ Kh8 32. Kg2 Qg6 33. Be4 Qf6 34. g4 f3+ 35. Kh2 Qh4 36. Be3 Nc2 37. Rxg7 Nxe3 38. Rxh7+ Qxh7 39. fxe3 f2 40. Bxh7 Kxh7 41. Qe4+ Kg7 42. Qb7+ Kh8 43. Qe7 f1Q 44. Qh4+ Kg7 45. Qg5+ Kf7 46. Kg3 Qe1+ 47. Kf3 Ke6+ 0-1

[Event "Titled Tuesday intern op 24th Aug"]
[Site "Chess.com INT"]
[Date "2021.08.24"]
[Round "4"]
[White "Kovalev, Denis"]
[Black "Tang, Andrew"]
[Result "1-0"]
[WhiteElo "2487"]
[BlackElo "2509"]
[PlyCount "169"]
[EventDate "2021.08.24"]
[EventType "swiss (blitz)"]
[EventRounds "11"]
[EventCountry "USA"]
[SourceTitle "EXT 2022"]
[Source "ChessBase"]
[SourceDate "2021.10.06"]
[SourceVersion "1"]
[SourceVersionDate "2021.10.06"]
[SourceQuality "1"]

1. Nf3 d5 2. d4 Nf6 3. c4 e6 4. Nc3 Be7 5. Bg5 h6 6. Bh4 0-0 7. e3 b6 8. Bxf6 Bxf6 9. cxd5 exd5 10. b4 c6 11. Be2 Qd6 12. Qb3 Bb7 13. 0-0 Nd7 14. Rfc1 a5 15. a3 axb4 16. axb4 b5 17. e4 dxe4 18. Nxe4 Qf4 19. Nxf6+ Nxf6 20. Qb2 Ne4 21. Rxa8 Rxa8 22. Ra1 Re8 23. Bf1 Nd6 24. Ne5 Nf5 25. Ra7 Nxd4 26. Nd3 Qg4 27. h3 Nf3+ 28. Kh1 Qe4 29. Rxb7 Ne1 30. Nxe1 Qxe1 31. Kg1 Re4 32. Qb3 Rf4 33. Qe3 Qxe3 34. fxe3 Rxb4 35. Be2 Rb2 36. Bf3 Rb3 37. Kf2 Rc3 38. Rb6 Rc2+ 39. Kg3 Rc3 40. Kf2 Rc2+ 41. Kg3 Rc3 42. Kf4 g5+ 43. Ke4 Kg7 44. Kd4 Rc4+ 45. Kd3 Ra4 46. Bxc6 Ra3+ 47. Ke2 Ra2+ 48. Kf3 Ra3 49. Bxb5 f5 50. Bd7 f4 51. Re6 Kf7 52. Re4 Kf6 53. Bg4 Kg6 54. Kf2 h5 55. Re6+ Kf7 56. Bf5 Ra2+ 57. Kf3 Ra3 58. Re4 Kf6 59. Bc8 Rb3 60. Bd7 Rc3 61. Kf2 Rc2+ 62. Kg1 Rc1+ 63. Kh2 Re1 64. Re6+ Kf7 65. exf4 Rd1 66. Re5 gxf4 67. Bc6 Kg6 68. Bf3 Rd2 69. Rxh5 Rb2 70. Rh4 Rb4 71. Rg4+ Kf5 72. h4 Rb8 73. Kh3 Kf6 74. Rg5 Rb1 75. Kg4 Rh1 76. Rf5+ Kg6 77. h5+ Kh6 78. Rf6+ Kg7 79. Kg5 Rc1 80. h6+ Kh7 81. Be4+ Kg8 82. h7+ Kg7 83. Rf7+ Kxf7 84. h8Q Rc5+ 85. Bf5 1-0

[Event "Titled Tuesday intern op 24th Aug"]
[Site "Chess.com INT"]
[Date "2021.08.24"]
[Round "2"]
[White "Mirzanurov, Bulat"]
[Black "Kovalev, Denis"]
[Result "0-1"]
[WhiteElo "2238"]
[BlackElo "2487"]
[PlyCount "118"]
[EventDate "2021.08.24"]
[EventType "swiss (blitz)"]
[EventRounds "11"]
[EventCountry "USA"]
[SourceTitle "EXT 2022"]
[Source "ChessBase"]
[SourceDate "2021.10.06"]
[SourceVersion "1"]
[SourceVersionDate "2021.10.06"]
[SourceQuality "1"]

1. e4 c6 2. d4 d5 3. exd5 cxd5 4. Bd3 Nc6 5. c3 Nf6 6. h3 e5 7. dxe5 Nxe5 8. Nf3 Nxd3+ 9. Qxd3 Be7 10. 0-0 0-0 11. Be3 Re8 12. Nbd2 Be6 13. Nd4 Bd7 14. N4f3 a6 15. a4 Bf8 16. Bd4 Ne4 17. Rfd1 Qc7 18. Be3 Bc6 19. Nd4 Bd7 20. N2f3 Rad8 21. Ne2 Bf5 22. Bf4 Qb6 23. Be3 Qxb2 24. Rdb1 Nd6 25. Qxf5 Qxe2 26. Qxd5 Nc4 27. Qxb7 Nxe3 28. fxe3 Qxe3+ 29. Kh1 a5 30. c4 Bb4 31. Qb5 h6 32. Qf5 Qe6 33. Qxe6 Rxe6 34. Rc1 Rc6 35. Rc2 f6 36. Rac1 Rd3 37. c5 Rd5 38. Rc4 Rdxc5 39. Rxc5 Rxc5 40. Rxc5 Bxc5 41. g4 Kf7 42. Kg2 Ke6 43. Kf1 Kd5 44. Ke2 Kc4 45. Nh4 Kb3 46. Nf5 Bf8 47. Kd3 Kxa4 48. Kc4 Ka3 49. Kc3 a4 50. h4 Ka2 51. Kc2 g6 52. Nd4 Ka3 53. Nc6 Bd6 54. h5 gxh5 55. gxh5 f5 56. Kc3 f4 57. Nd4 Be5 58. Kd3 Bxd4 59. Kxd4 Kb3 0-1

[Event "Titled Tuesday intern op 24th Aug"]
[Site "Chess.com INT"]
[Date "2021.08.24"]
[Round "5"]
[White "Svane, Rasmus"]
[Black "Kovalev, Denis"]
[Result "0-1"]
[WhiteElo "2615"]
[BlackElo "2487"]
[PlyCount "108"]
[EventDate "2021.08.24"]
[EventType "swiss (blitz)"]
[EventRounds "11"]
[EventCountry "USA"]
[SourceTitle "EXT 2022"]
[Source "ChessBase"]
[SourceDate "2021.10.06"]
[SourceVersion "1"]
[SourceVersionDate "2021.10.06"]
[SourceQuality "1"]

1. Nf3 Nf6 2. g3 d5 3. Bg2 Bf5 4. 0-0 e6 5. c4 c6 6. Qb3 Qb6 7. d3 Nbd7 8. cxd5 Qxb3 9. axb3 exd5 10. Bd2 Bc5 11. Bc3 0-0 12. b4 Bb6 13. Nbd2 Rfe8 14. Rfe1 Ng4 15. Nd4 Bg6 16. N2b3 Re7 17. h3 Ngf6 18. Kf1 Ne8 19. f3 Nc7 20. Rad1 Rae8 21. e4 Nf6 22. Re2 h5 23. Rde1 a6 24. Rd1 Nb5 25. Nxb5 axb5 26. Rde1 dxe4 27. dxe4 Nd7 28. f4 f6 29. Bd4 Bf7 30. Bxb6 Bxb3 31. Bd4 Bc4 32. Kf2 Bxe2 33. Rxe2 Ra8 34. Bf3 Rae8 35. Re1 g6 36. g4 hxg4 37. hxg4 Kf7 38. Rh1 Nf8 39. Re1 Nd7 40. Bc3 g5 41. Kg3 gxf4+ 42. Kxf4 Ne5 43. Bg2 Nd3+ 44. Kg3 Nxe1 45. Bxe1 Rxe4 46. Bxe4 Rxe4 47. Bc3 Kg6 48. Kf3 Rc4 49. Bd2 b6 50. Kg3 c5 51. bxc5 bxc5 52. Be3 Rc2 53. b3 c4 54. Kf4 cxb3 0-1

[Event "Titled Tuesday intern op 06th July"]
[Site "Chess.com INT"]
[Date "2021.07.06"]
[Round "2"]
[White "Kovalev, Denis"]
[Black "Shevtchenko, Olesya"]
[Result "1-0"]
[WhiteElo "2487"]
[BlackElo "2054"]
[PlyCount "71"]
[EventDate "2021.07.06"]
[EventType "swiss (blitz)"]
[EventRounds "11"]
[EventCountry "USA"]
[SourceTitle "EXT 2022"]
[Source "ChessBase"]
[SourceDate "2021.10.06"]
[SourceVersion "1"]
[SourceVersionDate "2021.10.06"]
[SourceQuality "1"]

1. Nf3 c5 2. c4 Nc6 3. Nc3 g6 4. e3 Bg7 5. d4 cxd4 6. exd4 d6 7. d5 Ne5 8. Nxe5 Bxe5 9. Bd3 h5 10. 0-0 h4 11. f4 Bd4+ 12. Kh1 h3 13. g3 Bg7 14. f5 gxf5 15. Bxf5 Bxf5 16. Rxf5 Nf6 17. Qd3 Qd7 18. Be3 Ng4 19. Raf1 Rf8 20. Bd4 Bxd4 21. Qxd4 Ne5 22. c5 f6 23. Ne4 0-0-0 24. cxd6 Kb8 25. dxe7 Qxe7 26. Nxf6 Ka8 27. Qxe5 Qc5 28. d6 Qc2 29. R5f2 Qc6+ 30. Qd5 Qa6 31. d7 Qb6 32. Ne4 Rxf2 33. Rxf2 Qb4 34. Rf1 Qxb2 35. Nc5 Qe2 36. Qxb7# 1-0